000
00269nam a2200109Ia 4500
005
20251222144751.0
008
251222s9999||||xx |||||||||||||| ||spa||
082
_a
980/C76
245
0
_a
Papeles para la Paz
264
_b
Centro de Investigación por la Paz
942
_c
LIB
999
_c
19340
_d
19340